000 00212nam a22000857a 4500
008 170128b xxu||||| |||| 00| 0 eng d
100 _92623
_aChandra.R.
245 _aMathematics-IX
260 _aNew Delhi
_bMcmillan
_c2011
999 _c5765
_d5765